000 01834cam a22004694i 4500
003 PE-LiUPU
005 20250731184547.0
008 150616s1976 nyua r 001 0 eng d
035 _a(Sirsi) a3194
040 _aPE-LiUPU
_bspa
_cPE-LiUPU
_erda
049 _aPRUA
082 0 4 _a927.78
_bH97
_221
100 1 _aHutchings, Artur,
_eautor.
245 1 0 _aMozart :
_bthe man. The musician /
_cArtur Mozart.
264 1 _aNew York :
_bSchirmer Books,
_c1976.
300 _a131 páginas :
_bilustraciones ;
_c31 centímetros
336 _atext
_2rdacontent
337 _aunmediated
_2rdamedia
338 _avolume
_2rdacarrier
504 _aÍndice: páginas 120-131.
505 0 _aWhat was the man like? -- The mazorts and their time -- The exhibition tours -- A child no longer -- From servitude and loneliness -- Illness and anxiety -- The last year -- The creative process -- The travelling composer -- The salzburg music -- The first great opera -- Freedom and fame -- Mozart and the piano -- Withdrawal to opera -- Mozart as dramatist -- Under the cloud -- Masonry and magic.
526 _aP136
526 _aP135
526 _aP134
526 _aP133
526 _aP144
526 _aP143
526 _aP87
526 _aP35
526 _aP20
526 _aP14
526 _aP10
526 _aP06
650 0 4 _aMOZART, AMADEUS.
910 _ajck
_bjvq
_cjck
942 _2ddc
_cBOOK
949 _a927.78 H97
_wDEWEY
_c1
_i27187
_lCCODEBUL1
_mBUL
_p38.00
_r0
_sY
_tBOOK
_u19870123
_xEDUCACION
_PP20
_0COMPRA
_o.STAFF. Colección General
994 _aC0
_bPEPRU
596 _a1
999 _a927.78 H97
_wDEWEY
_c39543
_i27187
_f2021-11-8
_g5
_lCCODEBUL1
_mBUL
_p38.00
_r0
_sY
_tBOOK
_u2015-6-16
_xBIBLIOTECA
_PP20
_0COMPRA
_o.STAFF. Colección General
_d39543
980 _81
_gALBERTO SANCHEZ Responsable de Automatización